|
|
|
|
| LEADER |
00000nas a2200000 i 4500 |
| 001 |
ssj0002090315 |
| 003 |
WaSeSS |
| 005 |
20200512172242.0 |
| 006 |
m d |
| 007 |
cr n |
| 008 |
170821c20169999fr gr s s i| 0eng c |
| 010 |
|
|
|a 2017264044
|
| 016 |
7 |
|
|a 018198214
|2 Uk
|
| 022 |
|
|
|y 2518-6272
|
| 035 |
|
|
|a (WaSeSS)ssj0002090315
|
| 040 |
|
|
|a UPM
|b eng
|c UPM
|d OCL
|d OCLCA
|d UKMGB
|d STF
|d OCLCO
|d WaSeSS
|
| 042 |
|
|
|a pcc
|
| 050 |
|
4 |
|a T174.2
|b .S25
|
| 245 |
0 |
0 |
|a OECD science, technology and innovation outlook
|h [electronic resource].
|
| 260 |
|
|
|a Paris :
|b OECD Publishing
|
| 310 |
|
|
|a Biennial
|
| 362 |
1 |
|
|a Began with 2016.
|
| 506 |
|
|
|a License restrictions may limit access.
|
| 588 |
|
|
|a Description based on: 2016; title from title page.
|
| 588 |
|
|
|a Latest issue consulted: 2016.
|
| 650 |
|
0 |
|a Technology indicators
|z OECD countries
|v Periodicals.
|
| 650 |
|
0 |
|a Technology indicators
|v Periodicals.
|
| 650 |
|
0 |
|a Science indicators
|z OECD countries
|v Periodicals.
|
| 650 |
|
0 |
|a Science indicators
|v Periodicals.
|
| 650 |
|
0 |
|a Technology and state
|z OECD countries
|v Periodicals.
|
| 650 |
|
0 |
|a Technology and state
|v Periodicals.
|
| 650 |
|
0 |
|a Science and state
|z OECD countries
|v Periodicals.
|
| 650 |
|
0 |
|a Science and state
|v Periodicals.
|
| 650 |
|
7 |
|a Science and state.
|2 fast
|0 (OCoLC)fst01108536
|
| 650 |
|
7 |
|a Science indicators.
|2 fast
|0 (OCoLC)fst01108736
|
| 650 |
|
7 |
|a Technology and state.
|2 fast
|0 (OCoLC)fst01145265
|
| 650 |
|
7 |
|a Technology indicators.
|2 fast
|0 (OCoLC)fst01145294
|
| 651 |
|
7 |
|a OECD countries.
|2 fast
|0 (OCoLC)fst01277092
|
| 655 |
|
0 |
|a Electronic journals.
|
| 710 |
2 |
|
|a Organisation for Economic Co-operation and Development.
|
| 780 |
0 |
0 |
|t OECD science, technology, and industry outlook
|x 1562-8760
|w (DLC) 2001252206
|w (OCoLC)46315316
|
| 856 |
4 |
0 |
|z Full text available from Research Library: 01/01/2012 to 12/31/2016
|u https://search.proquest.com/publication/2026392
|
| 856 |
4 |
0 |
|z Full text available from Research Library: 01/01/2018 to 6 months ago
|u https://search.proquest.com/publication/2026392
|